Zhluboka se nadechni : snižte chronický stres už za 7 dní /
Autorka přináší sedmidenní plán, který pomůže přehodnotit vztah ke stresu a lépe se s ním vypořádat.
Uloženo v:
| Hlavní autor: | |
|---|---|
| Další autoři: | |
| Médium: | E-kniha |
| Jazyk: | Czech |
| Vydáno: |
V Brně :
Jan Melvil Publishing,
2024
|
| Vydání: | Vydání první |
| Edice: | Žádná velká věda
|
| Témata: | |
| On-line přístup: | Plný text PDF (Bookport) Plný text - pro registrované uživatele NK ČR |
| Tagy: |
Žádné tagy |
| LEADER | 02904nam a2200697 i 4500 | ||
|---|---|---|---|
| 001 | 312298 | ||
| 003 | CZ PrSKC | ||
| 005 | 20260601215720.0 | ||
| 007 | ta | ||
| 008 | 240226s2024 xr e f 000 0 cze | ||
| 015 | |a cnb003591507 | ||
| 020 | |a 9788075552068 |q (brožováno) | ||
| 035 | |a (OCoLC)1429251501 | ||
| 040 | |a OLA001 |b cze |e rda | ||
| 041 | 1 | |a cze |h eng | |
| 072 | 7 | |a 159.9 |x Psychologie |2 Konspekt | |
| 080 | |a 159.913 |2 MRF | ||
| 080 | |a 612.064 |2 MRF | ||
| 080 | |a 159.944 |2 MRF | ||
| 080 | |a 613.86 |2 MRF | ||
| 080 | |a 159.923.5 |2 MRF | ||
| 080 | |a 613 |2 MRF | ||
| 080 | |a (035) |2 MRF | ||
| 100 | 1 | |a Epel, Elissa |7 osa2017960286 |4 aut | |
| 240 | 1 | 0 | |a Stress prescription. |l Česky |
| 245 | 1 | 0 | |a Zhluboka se nadechni : |b snižte chronický stres už za 7 dní / |c Elissa Epel ; překlad Helena Mirovská |
| 250 | |a Vydání první | ||
| 264 | 1 | |a V Brně : |b Jan Melvil Publishing, |c 2024 | |
| 300 | |a 258 stran ; |c 22 cm | ||
| 336 | |a text |b txt |2 rdacontent | ||
| 337 | |a bez média |b n |2 rdamedia | ||
| 338 | |a svazek |b nc |2 rdacarrier | ||
| 490 | 1 | |a Žádná velká věda | |
| 500 | |a Přeloženo z angličtiny | ||
| 504 | |a Obsahuje bibliografii a bibliografické odkazy | ||
| 520 | 2 | |a Autorka přináší sedmidenní plán, který pomůže přehodnotit vztah ke stresu a lépe se s ním vypořádat. | |
| 650 | 0 | 7 | |a stres (psychologie) |7 ph116294 |2 czenas |
| 650 | 0 | 7 | |a stres (fyziologie) |7 ph192853 |2 czenas |
| 650 | 0 | 7 | |a zvládání stresu |7 ph135858 |2 czenas |
| 650 | 0 | 7 | |a psychická odolnost |7 ph124783 |2 czenas |
| 650 | 0 | 7 | |a relaxace |7 ph125108 |2 czenas |
| 650 | 0 | 7 | |a sebeřízení |7 ph303239 |2 czenas |
| 650 | 0 | 7 | |a zdravý životní styl |7 ph127592 |2 czenas |
| 650 | 0 | 9 | |a stress (psychology) |2 eczenas |
| 650 | 0 | 9 | |a stress (physiology) |2 eczenas |
| 650 | 0 | 9 | |a stress management |2 eczenas |
| 650 | 0 | 9 | |a psychic resistance |2 eczenas |
| 650 | 0 | 9 | |a relaxation |2 eczenas |
| 650 | 0 | 9 | |a self-management |2 eczenas |
| 650 | 0 | 9 | |a healthy lifestyle |2 eczenas |
| 655 | 7 | |a příručky |7 fd133209 |2 czenas | |
| 655 | 9 | |a handbooks and manuals |2 eczenas | |
| 700 | 1 | |a Mirovská, Helena, |d 1979- |7 xx0165974 |4 trl | |
| 830 | 0 | |a Žádná velká věda | |
| 856 | 4 | 0 | |u https://www.bookport.cz/kniha/zhluboka-se-nadechni-12469/ |y Plný text PDF (Bookport) |4 N |
| 856 | 4 | 1 | |u https://www.bookport.cz/AccountSaml/SignIn/?idp=https%3A%2F%2Fshibboleth.nkp.cz%2Fidp%2Fshibboleth&returnUrl=/kniha/zhluboka-se-nadechni-12469/ |y Plný text - pro registrované uživatele NK ČR |4 N |
| 900 | |a ABA001 |b 20 | ||
| 044 | |a xr | ||
| 910 | |a RBIT002 | ||
| 998 | |d 399034 |a https://core.palmknihy.cz/api/books/399034/cover?s9o25r |b https://core.palmknihy.cz/api/books/399034/cover/400?s9o25r |c https://core.palmknihy.cz/api/books/399034/cover/50?s9o25r |e |g 260 |i 9788075552068 |j https://core.palmknihy.cz/api/books/399034/preview.epub |l |q 49 |r 1 |s https://www.palmknihy.cz/kniha/399034 |t ebook |y 2024 |z 0 | ||
| 999 | |d 312296 | ||